Rating and Valuation Reporter (Record no. 118690)

MARC details
000 -LEADER
fixed length control field 00553cas a22002175a 4500
001 - CONTROL NUMBER
control field ##L183
008 - FIXED-LENGTH DATA ELEMENTS--GENERAL INFORMATION
fixed length control field 070726c1961 xxkmr p 0 a0eng
022 1# - INTERNATIONAL STANDARD SERIAL NUMBER
International Standard Serial Number 0048-6817
035 ## - SYSTEM CONTROL NUMBER
System control number (Sirsi) u99324
041 0# - LANGUAGE CODE
Language code of text/sound track or separate title eng
240 00 - UNIFORM TITLE
Uniform title RVR
245 00 - TITLE STATEMENT
Title Rating and Valuation Reporter
260 ## - PUBLICATION, DISTRIBUTION, ETC.
Place of publication, distribution, etc. Woking
Name of publisher, distributor, etc. Rating Publishers
Date of publication, distribution, etc. 1961-
362 0# - DATES OF PUBLICATION AND/OR SEQUENTIAL DESIGNATION
Dates of publication and/or sequential designation 1(1) 5 January 1961-
554 ## -
-- 12 per year
651 #4 - SUBJECT ADDED ENTRY--GEOGRAPHIC NAME
Geographic name England and Wales
Chronological subdivision 1543-
690 ## - LOCAL SUBJECT ADDED ENTRY--TOPICAL TERM (OCLC, RLIN)
Topical term or geographic name as entry element PROPERTY-PROPERTY TAXATION
780 00 - PRECEDING ENTRY
Title Rating and Income Tax
942 ## - ADDED ENTRY ELEMENTS (KOHA)
Suppress in OPAC 0
948 ## - LOCAL PROCESSING INFORMATION (OCLC); SERIES PART DESIGNATOR (RLIN)
c (OCLC) 30/03/1998
Holdings
Withdrawn status Lost status Source of classification or shelving scheme Damaged status Not for loan Home library Current library Shelving location Date acquired Total Checkouts Full call number Barcode Date last seen Price effective from Koha item type
    Other/Generic Classification Scheme     London London Gallery 12/12/2005   RATING AND VALUATION REPORTER 99324-1001 06/08/2019 06/08/2019 Journal